000 00720nam a22002177a 4500
003 UA-OsUOA
001 119332
007 ta
008 20161019b un ||||| |||| 00| 0 ukr d
100 _aТіщенко А.
090 _a02
_bТ47
942 _cSA
040 _aUA-OsUOA
_bukr
_cUA-OsUOA
_dUA-OsUOA
245 _aКонвергенція традиційних та інноваційних форм професійного розвитку молодих бібліотекарів
300 _aС.17-22
955 _a0
041 _aukr
080 _a02
773 0 _w119329
_tБібліотечний форум України
_dДонецьк
_d2016
_g3
650 7 _a02 Бібліотечна справа
_2UDC
999 _c405521
_d405521